LEADER 00887nam a2200229 u 4500 001 000000054085 003 CaOOAMICUS 005 20070226115631.0 008 001128s1940 it u000 u ita u 035 $a10862649 040 $aPUL(R)$bita 100 1 $aCasotti, Mario,$d1896-$0(OLS)http://pul/name/5456 245 12$aL'Insegnamento della filosofia :$b(note) /$cMario Casotti. 260 $aBrescia :$bLa Scuola,$c1940. 300 $a73 p. ;$c25 cm 650 4$aFilosofia$xDidattica.$0(OLS)http://pul/subject/22224 850 $aPUL 852 $aPUL$W1$xDP1 Fondo Giannini$y60$m1555 F 49$j71284$nBK-PRI$b $qFondi$B71284$CPULBib$Z2$F71284 $H $81 941 1 $a1 961 $aINV: Fondo Giannini 996 $6245$aL'Insegnamento della filosofia :$b(note)$9(OLS)http://pul/title/72555 996 $6260$aBrescia :$bLa Scuola$9(OLS)http://pul/publisher/48404 LEADER 01298nam a2200325 u 4500 001 000000047962 003 CaOOAMICUS 005 20070226114937.0 008 000317s2000 it u000 u ita u 020 $a880205567X 035 $a10843809 040 $aPUL$bita 245 03$aLe successioni.$nI,$pDisposizioni generali. 246 30$aDisposizioni generali 260 $aTorino :$bUTET,$c2000. 300 $axvi, 317 p. ;$c24 cm 490 1 $aIl diritto privato nella giurisprudenza 500 $aContiene indici. 504 $a"Indice bibliografico": pp. 311-314. 650 4$aSuccessione (diritto).$0(OLS)http://pul/subject/1242 650 4$aFamiglia (diritto).$0(OLS)http://pul/subject/1842 830 3$aIl diritto privato nella giurisprudenza.$0(OLS)http://pul/title/64504 850 $aPUL 852 $aPUL$W1$xDP2 Diritto e Scienze Sociali 1$y65$m174 G 41$j64001$nBK-PRI$b $qStampati$B64001$CPULBib$Z2$F64001 $H81324 $82 941 1 $a8 961 $aINV: 81324 996 $6020$a880205567X$9(OLS)http://pul/number/60108 996 $6245$aLe successioni.$nI,$pDisposizioni generali$9(OLS)http://pul/title/64567 996 $6246$aDisposizioni generali$9(OLS)http://pul/title/64568 996 $6260$aTorino :$bUTET$9(OLS)http://pul/publisher/48088